000 00267nam a2200121Ia 4500
008 241002s9999 xx 000 0 und d
082 _a808.85 KAY
100 _aKayani, M.R
245 0 _aHalf Truths
260 _aLahore:
_c1968
600 _aLiterature
942 _cUC
999 _c18438
_d18438